| 000 | 00787nam a22002177a 4500 | ||
|---|---|---|---|
| 003 | BUBTL | ||
| 008 | 180114b xxu||||| |||| 00| 0 eng d | ||
| 020 | _a978-0-07-014680-8 | ||
| 082 |
_a658.45 _bLEB |
||
| 100 |
_9120 _aLesikar, Raymond V. |
||
| 245 |
_aBusiness Communiction / _bMaking Connection in a Digital World _cRaymond V. Lesikar, Marie E. Flatley and Kathryn Rentz and Neerja Pande |
||
| 250 | _a11th | ||
| 260 |
_aNew Delhi _bMc Graw Hill _c2008 |
||
| 300 |
_a[xxix] 735p . : _bill , Graph ; 25cm . _cBusiness . |
||
| 500 | _aIncludes Index . | ||
| 650 | 0 |
_91324 _aBusiness Communication |
|
| 700 |
_91747 _aRaymond V. Lesikar, Marie E. Flatley and Kathryn Rentz and Neerja Pande |
||
| 856 |
_k0 _l0 _yDownload |
||
| 942 |
_2ddc _cBK |
||
| 999 |
_c5651 _d5651 |
||